000 00784nam a22001817a 4500
999 _c370046
_d370046
008 201130b ||||| |||| 00| 0 eng d
040 _bger
_cDE-2950
_erda
_aDE-2950
041 _ager
100 _aKannenberg, Heinz:
245 _aCDU, AfD und SPD fast gleichauf.
_bWahlkreis 63: Berliner Datenanalysten von Wahlkreisprognose ermittelten ein Kopf-an Kopf-Rennen bei den Erst- und Zweitstimmen. Nur im Amt Scharmützelsee liegt die CDU eher sicher vorn /
_cHeinz Kannenberg
264 _c2021
653 _aBundestagswahlen 2021
773 _dFrankfurt (Oder): Märkisches Verlags- und Druckhaus GmbH & Co KG
_g32. Jahrgang (2021) Nr. 167 vom 21.07.2021, S. 15: Foto
_tMärkische Oderzeitung
942 _cA